| 000 | 01840nam a22002537a 4500 | ||
|---|---|---|---|
| 003 | DO-SdBNP | ||
| 005 | 20260424111843.0 | ||
| 007 | ta | ||
| 008 | 201021b 2010 dr 00| 0 eng d | ||
| 040 |
_aDO-SdBNP _bspa _cBNPHU |
||
| 082 | 4 |
_a347.7293077 _bR426Pp, 2005-2009 _222 |
|
| 110 | 1 |
_aRepública Dominicana. _97906 _bSuprema Corte de Justicia. |
|
| 245 | 1 | 0 |
_aLas principales decisiones de las cámaras reunidas de la Suprema Corte de Justicia en materia penal : _bdurante la vigencia del código procesal penal 2005-2009. |
| 260 |
_aSanto Domingo : _bSuprema Corte de Justicia, _c2010. |
||
| 300 |
_axi, 592 p. ; _c22 cm. |
||
| 505 |
_aPresentación -- XI _tAccidente de tránsito -- 1 _tAcción civil -- 12 _tCalidad para demandar -- 27 _t Casación -- 34 _tCoautoría -- 196 _tComitencia -- 220 _tDaños morales -- 221 _tDaños y perjuicios -- 228 _t Derecho de defensa -- 236 _tDesistimiento -- 244 _tFalta civil -- 253 _tFiliación -- 270 _tIncomparecencia -- 277 _tIndemnización -- 284 _t Inmunidad forense -- 293 _t Interés legal -- 302 _tLicencias y permisos otorgados por la Administración Pública -- 313 _tLucro cesante -- 332 _tMédicos -- 333 _tNulidad -- 365 _tPresunción de comitencia -- 375 _t Principio de irretroactividad de la ley -- 385 _t Procesos penales -- 393 _tQuerella -- 401 _tRecurso de Revisión -- 411 _tResponsabilidad civil --428 _tRetroexcavadora -- 460 _tSeguro de vehículo -- 475 _t Sentencia penal -- 504 _tSentencia -- 515 _tSentencias -- 575 _tÍndice Cronológico -- 585 |
||
| 590 | _aInventariado, 2022/MFF | ||
| 650 | 0 |
_aAdministración de justicia _zRepública Dominicana _910083 |
|
| 650 | 4 |
_aSentencias _zRepública Dominicana _919124 |
|
| 650 | 0 |
_aCosa juzgada _982104 |
|
| 650 | 0 |
_aJurisprudencia, _xRecopilaciones, repertorios, etc. _924052 |
|
| 910 | _aValidado, Control de calidad MFF | ||
| 942 |
_2ddc _cLBS1 |
||
| 999 |
_c48940 _d48940 |
||